| 000 | 00966nam a22002537a 4500 | ||
|---|---|---|---|
| 005 | 20180801145702.0 | ||
| 010 | _aB-68224-229 ENG-123659 | ||
| 020 |
_a9788126557615 _c869.00 |
||
| 020 |
_a9788126557615 _c849.00 |
||
| 035 | _aB-68224-229 EN-107191 | ||
| 037 |
_bPragati _adpl |
||
| 037 | _b DBAD/PUB. | ||
| 082 | _a005.55 | ||
| 100 | _aElliott, Alan C. | ||
| 245 |
_aSAS essentials : _cby Alan C. Elliott, Wayne A. Woodward _bby mastering SAS for data analytics / |
||
| 250 | _a2nd ed | ||
| 260 |
_aNew Delhi _bWiley India _c2016 |
||
| 270 |
_a4435-36/7, Ansari Road, Daryaganj, _bNew Delhi _e110002 |
||
| 300 | v |
_ax,518p. _c25cm(pbk) _bill. |
|
| 500 | _aIncludes bibliographical references and index | ||
| 700 | _aWoodward, Wayne A. | ||
| 942 |
_2ddc _cEN _mELL _h005.55 |
||
| 999 |
_c145729 _d145729 |
||